Normal view
MARC view
- جامعات - أدلة
Entry Topical Term
001 - CONTROL NUMBER
- control field: 46149
003 - CONTROL NUMBER IDENTIFIER
- control field: JO-AjAnu
005 - DATE AND TIME OF LATEST TRANSACTION
- control field: 20230606081628.0
008 - FIXED-LENGTH DATA ELEMENTS
- fixed length control field: 230606|| aca||aabn | a|a d
040 ## - CATALOGING SOURCE
- Original cataloging agency: JO-AjAnu
- Transcribing agency: JO-AjAnu
150 ## - HEADING--TOPICAL TERM
- Topical term or geographic name entry element: جامعات - أدلة
670 ## - SOURCE DATA FOUND
- Source citation: Work cat.: (JO-AjAnu)23623: إشراف العيسى، عبد الرزاق عبد الجليل, author 46148, دليل الطلبة العراقيين الدارسين في المملكة الأردنية الهاشمية: سفارة جمهورية العراق: الدائرة الثقافية - عمان